Vnešnjaja torgovlja Ježemesjačnyj žurnal
Na minha lista:
| Formato: | Periódico |
|---|---|
| Idioma: | russo |
| Publicado em: |
Moskva
Vnešnjaja torgovlja
1993
|
| Assuntos: | |
| Tags: |
Sem tags, seja o primeiro a adicionar uma tag!
|
MARC
| LEADER | 00000nas2a2200000 4500 | ||
|---|---|---|---|
| 001 | s014058 | ||
| 005 | 20240109100342.0 | ||
| 022 | |a 0321-057x | ||
| 041 | 0 | |a rus | |
| 044 | |a RU | ||
| 245 | 1 | 0 | |a Vnešnjaja torgovlja |b Ježemesjačnyj žurnal |
| 264 | 1 | |a Moskva |b Vnešnjaja torgovlja |c 1993 | |
| 300 | |a 2 zv. | ||
| 773 | 0 | |w eu_un_cat*s120920 | |
| 610 | 2 | 0 | |a obchod zahraničný |
| 610 | 2 | 0 | |a politika zahraničnohospodárska |